Principal & Practice of Trauma Care

Պահպանված է:
Մատենագիտական մանրամասներ
Հիմնական հեղինակ: Kochar, S.K
Ձևաչափ: Գիրք
Լեզու:անգլերեն
Հրապարակվել է: Jaypee Brother Medical Publishers 2013
Ցուցիչներ: Ավելացրեք ցուցիչ
Չկան պիտակներ, Եղեք առաջինը, ով նշում է այս գրառումը!

MARC

LEADER 00000nam a22000007a 4500
008 210728b ||||| |||| 00| 0 eng d
020 |a 9789350257173 
100 |a Kochar, S.K. 
245 |a Principal & Practice of Trauma Care  |c S.K. Kocher  |g xiv,486p 
250 |b 2nd edition 
260 |b Jaypee Brother Medical Publishers  |c 2013  |d Book  |h India  |i 696435  |i 696436  |l RD 93.K80  |m Wounds and injuries-Treatment  |m Emergency  |m Wounds and injuries- teraphy  |m Tittle 
500 |a  It includes references 
942 |a lcc  |c BK  |e Olagoke, M.A  |f 28/07/2021 
952 |0 0  |1 0  |2 lcc  |4 0  |7 0  |9 2898  |a HOL  |b HE  |c QZ  |d 2021-07-28  |o RD 93.K80  |p 2021-66566  |r 2021-07-28 00:00:00  |w 2021-07-28  |y BK 
952 |0 0  |1 0  |2 lcc  |4 0  |6 RD0093 K80  |7 0  |9 2899  |a HOL  |b HOL  |c QZ  |d 2021-07-28  |l 0  |o RD 93.K80  |p 2021-66567  |r 2021-07-28 00:00:00  |w 2021-07-28  |y BK 
999 |c 1478  |d 1478